|
|
|
|
| LEADER |
00000nam0a2200000 4500 |
| 001 |
90856 |
| 005 |
20231031103737.0 |
| 035 |
|
|
|a (RuTPU)RU\TPU\book\97415
|
| 090 |
|
|
|a 90856
|
| 100 |
|
|
|a 20060215d1969 m y0rusy50 ca
|
| 101 |
0 |
|
|a rus
|
| 102 |
|
|
|a RU
|
| 105 |
|
|
|a a z 001zy
|
| 200 |
1 |
|
|a Получение титановых порошков
|e обзор литературы и патентов
|f Ю. Г. Олесов, В. А. Дрозденко, А. Н. Рубцов
|g Центральный научно-исследовательский институт информации и технико-экономических исследований цветной металлургии
|
| 210 |
|
|
|a Москва
|d 1969
|
| 215 |
|
|
|a 41 с.
|c граф.
|
| 320 |
|
|
|a Библиогр.: с. 37-40
|
| 610 |
1 |
|
|a титановые порошки
|
| 610 |
1 |
|
|a производство
|
| 610 |
1 |
|
|a титан
|
| 610 |
1 |
|
|a техника безопасности
|
| 675 |
|
|
|a 621.7М295
|v 3
|
| 701 |
|
1 |
|a Олесов
|b Ю. Г.
|
| 701 |
|
1 |
|a Дрозденко
|b В. А.
|
| 701 |
|
1 |
|a Рубцов
|b А. Н.
|
| 712 |
0 |
2 |
|a Центральный научно-исследовательский институт информации и технико-экономических исследований цветной металлургии
|2 stltpush
|3 (RuTPU)RU\TPU\col\8881
|
| 801 |
|
1 |
|a RU
|b 63413507
|c 20060215
|g PSBO
|
| 801 |
|
2 |
|a RU
|b 63413507
|c 20080205
|g PSBO
|
| 942 |
|
|
|c BK
|